000 00372nam a2200145 i 4500
001 bg
100 1 _aSZCZENIOWSKI, Szczepan.
245 1 0 _aFizyka doświadczalna.
_nCz. 4,
_pOptyka /
_cSzczepan Szczeniowski.
250 _aWyd.5 popr. i uzup.
260 _aWarszawa,
_c1983.
040 _cBPK
041 _apol
942 _cKS
008 s pl f |000 0 pol
999 _c21789
_d21789
856 _uhttp://koha.tu.koszalin.pl/cgi-bin/koha/opac-detail.pl?biblionumber=21789
_yKatalog online BPK